| 000 | 00807nam a2200205 a 4500 | ||
|---|---|---|---|
| 003 | 0 | ||
| 005 | 20250605145832.0 | ||
| 008 | 021120s19uu xx 00 eng d | ||
| 050 |
_aPGS RJ 496.B52 _b.M291 2000 |
||
| 100 | _aMante, Raymond Gilbert. | ||
| 245 |
_aThe effects of carrying heavy backpack on the grade four students of Southville International School / _cRaymond Gilbert Mante. |
||
| 260 |
_aLas PiƱas City, Philippines : _bSouthville International School and Colleges, _c2000. |
||
| 300 |
_a27 pages : _bcolored illustrations ; _c28 cm. |
||
| 504 | _aIncludes bibliographical references. | ||
| 650 |
_aBackpacks _vHealth aspects. |
||
| 650 |
_aSchool children _vHealth and hygiene. |
||
| 650 | _aPosture in children. | ||
| 650 |
_aBack _vWounds and injuries _vPrevention. |
||
| 942 |
_2lcc _cPASS |
||
| 999 |
_c96288 _d96288 |
||